| 000 | 00439nam a22001817a 4500 | ||
|---|---|---|---|
| 005 | 20260416115713.0 | ||
| 008 | 260416b |||||||| |||| 00| 0 eng d | ||
| 020 |
_a9789380444734 _c1095.00 |
||
| 040 | _aMAIN | ||
| 041 | _aEnglish | ||
| 082 |
_a004.6 _bKAP |
||
| 100 |
_aKapil, Kumar _925632 |
||
| 245 | _aComputer Networking | ||
| 260 |
_aDelhi _bA.B. Publisher _c2025 |
||
| 300 | _a535 | ||
| 650 | _aComputer Science | ||
| 942 | _cBK | ||
| 999 |
_c60625 _d60625 |
||